[Event "V4 OPEN - International Championship of Slovakia 2
[Site "Banska Stiavnica"]
[Date "2013.07.14"]
[Round "9"]
[Board "21"]
[White "Nayhebaver, Martin"]
[Black "Kotlowski, Tomasz"]
[Result "1-0"]
[WhiteElo "2228"]
[BlackElo "2063"]
[PlyCount "0"]
[EventDate "2013.07.06"]
[EventRounds "9"]
[EventCountry "SVK"]

1. e4 {[%clk 1:30:57]} d6 {[%clk 1:11:26]} 2. d4 {[%clk 1:31:12]} Nf6
{[%clk 1:11:52]} 3. Nc3 {[%clk 1:31:14]} g6 {[%clk 1:12:14]} 4. f4
{[%clk 1:31:09]} Bg7 {[%clk 1:12:39]} 5. Nf3 {[%clk 1:31:26]} O-O
{[%clk 1:13:02]} 6. Be3 {[%clk 1:31:35]} c5 {[%clk 1:12:23]} 7. dxc5
{[%clk 1:31:26]} Qa5 {[%clk 1:12:27]} 8. Bd3 {[%clk 1:31:28]} dxc5
{[%clk 1:07:50]} 9. e5 {[%clk 1:30:49]} Nd5 {[%clk 1:03:29]} 10. Bd2
{[%clk 1:30:44]} Nxc3 {[%clk 1:03:52]} 11. Bxc3 {[%clk 1:31:09]} Qb6
{[%clk 1:04:19]} 12. Qe2 {[%clk 1:26:23]} Nc6 {[%clk 1:04:40]} 13. Qf2
{[%clk 1:26:03]} Nb4 {[%clk 0:57:45]} 14. Be4 {[%clk 1:24:22]} f5
{[%clk 0:58:06]} 15. exf6 {[%clk 1:23:37]} exf6 {[%clk 0:57:56]} 16. O-O
{[%clk 1:21:16]} f5 {[%clk 0:56:09]} 17. Bxb4 {[%clk 1:12:06]} cxb4
{[%clk 0:56:03]} 18. Bd5+ {[%clk 1:11:21]} Kh8 {[%clk 0:56:18]} 19. Qxb6
{[%clk 1:10:53]} axb6 {[%clk 0:56:43]} 20. Ne5 {[%clk 1:10:54]} Bf6
{[%clk 0:56:06]} 21. Rad1 {[%clk 1:07:11]} Ra5 {[%clk 0:53:15]} 22. Rfe1
{[%clk 1:06:55]} Kg7 {[%clk 0:53:09]} 23. Bb3 {[%clk 1:00:55]} Re8
{[%clk 0:48:14]} 24. Nd3 {[%clk 0:58:01]} Rxe1+ {[%clk 0:46:24]} 25. Rxe1
{[%clk 0:58:16]} Bd7 {[%clk 0:46:26]} 26. Nxb4 {[%clk 0:57:42]} Bc6
{[%clk 0:45:14]} 27. c3 {[%clk 0:56:36]} Be4 {[%clk 0:42:15]} 28. Rd1
{[%clk 0:55:11]} Be7 {[%clk 0:39:44]} 29. g3 {[%clk 0:45:41]} Bc5+
{[%clk 0:39:17]} 30. Kf1 {[%clk 0:46:05]} Ra8 {[%clk 0:38:58]} 31. Nd3
{[%clk 0:39:38]} Bf3 {[%clk 0:30:57]} 32. Re1 {[%clk 0:39:26]} Bd6
{[%clk 0:30:58]} 33. Ne5 {[%clk 0:38:50]} Bh5 {[%clk 0:28:30]} 34. Re3
{[%clk 0:37:24]} g5 {[%clk 0:27:22]} 35. fxg5 {[%clk 0:34:12]} f4
{[%clk 0:27:17]} 36. gxf4 {[%clk 0:33:45]} Rf8 {[%clk 0:27:46]} 37. Nd3
{[%clk 0:32:55]} Bg6 {[%clk 0:26:51]} 38. Ke2 {[%clk 0:32:45]} Bxd3+
{[%clk 0:26:34]} 39. Rxd3 {[%clk 0:32:51]} Bxf4 {[%clk 0:26:55]} 40. h4
{[%clk 0:32:26]} Kg6 {[%clk 0:27:24]} 41. Rd7 {[%clk 0:32:33]} Kh5
{[%clk 0:27:31]} 42. Rxh7+ {[%clk 0:32:24]} Kg4 {[%clk 0:27:57]} 43. Be6+
{[%clk 0:32:28]} Kg3 {[%clk 0:28:25]} 44. Bf7 {[%clk 0:32:50]} Rd8
{[%clk 0:28:06]} 45. g6 {[%clk 0:29:08]} Rd2+ {[%clk 0:28:23]} 46. Ke1
{[%clk 0:29:34]} Kf3 {[%clk 0:23:41]} 47. g7 {[%clk 0:28:51]} Rc2
{[%clk 0:18:30]} 48. Bh5+ {[%clk 0:28:52]} 1-0

[Event "V4 OPEN - International Championship of Slovakia 2
[Site "Banska Stiavnica"]
[Date "2013.07.14"]
[Round "9"]
[Board "22"]
[White "Sosovicka, Juraj"]
[Black "Petras, Marian"]
[Result "1/2-1/2"]
[WhiteElo "2201"]
[BlackElo "1954"]
[PlyCount "0"]
[EventDate "2013.07.06"]
[EventRounds "9"]
[EventCountry "SVK"]

1. e4 {[%clk 1:23:48]} c5 {[%clk 1:30:54]} 2. b3 {[%clk 1:23:57]} g6 3. Bb2
{[%clk 1:24:05]} Nf6 {[%clk 1:31:45]} 4. e5 {[%clk 1:23:44]} Nd5 {[%clk 1:32:00]}
5. g3 Bg7 {[%clk 1:30:11]} 6. Bg2 {[%clk 1:21:06]} Nb6 {[%clk 1:30:34]} 7. f4
{[%clk 1:06:18]} Nc6 {[%clk 1:27:45]} 8. Nf3 {[%clk 1:05:57]} d5 {[%clk 1:26:56]}
9. d4 {[%clk 1:02:44]} cxd4 {[%clk 1:21:08]} 10. Nxd4 {[%clk 1:02:40]} O-O
{[%clk 1:21:33]} 11. O-O {[%clk 1:00:45]} f6 {[%clk 1:20:29]} 12. exf6
{[%clk 0:56:11]} Bxf6 {[%clk 1:20:54]} 13. Nxc6 {[%clk 0:55:34]} bxc6
{[%clk 1:21:05]} 14. Bxf6 {[%clk 0:55:43]} Rxf6 {[%clk 1:19:21]} 15. Nd2
{[%clk 0:50:20]} Qd6 {[%clk 1:16:54]} 16. Nf3 {[%clk 0:48:11]} Bg4
{[%clk 1:15:56]} 17. Qd4 {[%clk 0:47:30]} Bxf3 {[%clk 1:09:57]} 18. Bxf3
{[%clk 0:46:44]} Rd8 {[%clk 1:10:19]} 19. Rae1 {[%clk 0:45:46]} c5
{[%clk 1:08:35]} 20. Qe5 {[%clk 0:44:02]} Kf7 {[%clk 1:06:45]} 21. Bg4
{[%clk 0:39:55]} Nd7 {[%clk 1:01:39]} 22. Qg5 {[%clk 0:34:47]} e6
{[%clk 0:59:48]} 23. Rf2 {[%clk 0:27:50]} Nf8 {[%clk 0:59:11]} 24. Rfe2
{[%clk 0:27:48]} Rc8 {[%clk 0:58:33]} 25. h4 {[%clk 0:26:08]} c4 {[%clk 0:57:42]}
26. h5 {[%clk 0:25:19]} cxb3 {[%clk 0:57:50]} 27. axb3 {[%clk 0:24:28]} Rc3
{[%clk 0:58:02]} 28. hxg6+ {[%clk 0:21:19]} hxg6 {[%clk 0:58:26]} 29. Kg2
{[%clk 0:15:32]} Qc7 {[%clk 0:57:55]} 30. Qe5 {[%clk 0:10:49]} Rxc2
{[%clk 0:56:01]} 31. Rxc2 {[%clk 0:10:48]} Qxc2+ {[%clk 0:56:26]} 32. Re2
{[%clk 0:11:12]} Qc6 {[%clk 0:54:25]} 33. Qb8 {[%clk 0:10:03]} Qb6
{[%clk 0:53:11]} 34. Qc8 {[%clk 0:10:09]} Kg7 {[%clk 0:48:12]} 35. Qc3
{[%clk 0:08:24]} Qd6 {[%clk 0:39:29]} 36. Ra2 {[%clk 0:07:41]} d4
{[%clk 0:35:45]} 37. Rxa7+ {[%clk 0:06:41]} Rf7 {[%clk 0:36:10]} 38. Rxf7+
{[%clk 0:05:55]} Kxf7 {[%clk 0:36:36]} 39. Qd2 {[%clk 0:05:31]} Nd7
{[%clk 0:36:43]} 40. b4 {[%clk 0:05:00]} Nb6 {[%clk 0:35:32]} 41. Be2
{[%clk 0:03:26]} Na4 {[%clk 0:33:15]} 42. Bd3 {[%clk 0:01:36]} Nc3
{[%clk 0:33:00]} 43. Qc2 {[%clk 0:28:50]} Qd5+ {[%clk 1:01:32]} 44. Kg1
{[%clk 0:19:39]} Qh5 {[%clk 1:01:16]} 45. b5 {[%clk 0:19:14]} Qf3
{[%clk 0:49:31]} 46. Bxg6+ {[%clk 0:18:42]} Kf6 {[%clk 0:49:56]} 47. Qd3
{[%clk 0:18:14]} Ne2+ {[%clk 0:50:02]} 48. Kh2 {[%clk 0:18:35]} Qf2+
{[%clk 0:48:03]} 49. Kh3 {[%clk 0:19:01]} Ng1+ {[%clk 0:46:04]} 50. Kg4
{[%clk 0:17:35]} Qg2 {[%clk 0:45:27]} 51. Qxd4+ {[%clk 0:11:34]} Kxg6
{[%clk 0:45:52]} 52. Qd3+ {[%clk 0:10:59]} Kf6 {[%clk 0:46:01]} 53. Qd8+
{[%clk 0:09:34]} Kf7 {[%clk 0:46:24]} 54. Qd7+ {[%clk 0:09:21]} Kf6
{[%clk 0:46:48]} 55. Qd8+ {[%clk 0:09:26]} Kf7 {[%clk 0:47:14]} 1/2-1/2

[Event "V4 OPEN - International Championship of Slovakia 2
[Site "Banska Stiavnica"]
[Date "2013.07.14"]
[Round "9"]
[Board "23"]
[White "Holtman, Teodor"]
[Black "Motuz, Karol"]
[Result "1/2-1/2"]
[WhiteElo "1725"]
[BlackElo "2361"]
[PlyCount "0"]
[EventDate "2013.07.06"]
[EventRounds "9"]
[EventCountry "SVK"]

1. e4 {[%clk 1:30:58]} c5 {[%clk 1:23:42]} 2. Nf3 {[%clk 1:31:18]} a6
{[%clk 1:22:59]} 3. Nc3 {[%clk 1:31:31]} d6 {[%clk 1:23:20]} 4. d4
{[%clk 1:30:07]} cxd4 {[%clk 1:23:46]} 5. Nxd4 {[%clk 1:30:27]} Nf6
{[%clk 1:24:12]} 6. Be2 {[%clk 1:26:29]} e6 {[%clk 1:23:28]} 7. Be3
{[%clk 1:25:33]} Be7 {[%clk 1:23:38]} 8. f4 {[%clk 1:22:18]} Qc7 {[%clk 1:20:18]}
9. g4 {[%clk 1:18:29]} b5 {[%clk 1:11:08]} 10. g5 {[%clk 1:17:22]} Nfd7
{[%clk 1:11:30]} 11. a3 {[%clk 1:08:47]} Nc6 {[%clk 1:09:30]} 12. Qd2
{[%clk 1:05:47]} Bb7 {[%clk 1:06:24]} 13. f5 {[%clk 0:53:48]} Nxd4
{[%clk 1:03:10]} 14. Qxd4 {[%clk 0:53:32]} e5 {[%clk 0:56:38]} 15. Qd2
{[%clk 0:51:54]} Nb6 {[%clk 0:54:18]} 16. O-O-O {[%clk 0:45:54]} Nc4
{[%clk 0:46:12]} 17. Bxc4 {[%clk 0:46:00]} Qxc4 {[%clk 0:46:35]} 18. b3
{[%clk 0:33:48]} Qc7 {[%clk 0:45:39]} 19. Kb2 {[%clk 0:30:42]} Rc8
{[%clk 0:36:59]} 20. Rc1 {[%clk 0:21:48]} Qa5 {[%clk 0:31:57]} 21. Nd5
{[%clk 0:16:03]} Qxd2 22. Bxd2 Bd8 {[%clk 0:27:36]} 23. c4 {[%clk 2:18:17]} bxc4
{[%clk 0:26:49]} 24. bxc4 {[%clk 2:14:49]} Kd7 {[%clk 0:26:49]} 25. Be3
{[%clk 2:14:49]} Ba5 {[%clk 0:26:49]} 26. h4 {[%clk 2:14:49]} Rb8
{[%clk 0:26:49]} 27. Ka2 {[%clk 2:14:49]} Rhc8 {[%clk 0:26:49]} 28. h5
{[%clk 2:14:49]} Bxd5 {[%clk 0:26:49]} 29. cxd5 {[%clk 2:14:49]} Bc3
{[%clk 0:26:49]} 30. Rb1 {[%clk 2:14:49]} Rb5 {[%clk 0:26:49]} 31. a4
{[%clk 2:14:49]} Rb4 {[%clk 0:26:49]} 32. Rxb4 {[%clk 2:14:49]} Bxb4
{[%clk 0:26:49]} 33. Rc1 {[%clk 2:14:49]} Rxc1 {[%clk 0:26:49]} 34. Bxc1
{[%clk 2:14:49]} g6 {[%clk 0:26:49]} 35. hxg6 {[%clk 2:14:49]} hxg6
{[%clk 0:26:49]} 36. fxg6 {[%clk 2:14:49]} fxg6 {[%clk 0:26:49]} 37. Be3
{[%clk 2:14:49]} Kc7 {[%clk 0:26:49]} 38. Kb3 {[%clk 2:14:49]} Ba5
{[%clk 0:26:49]} 39. Ka3 {[%clk 2:14:49]} Be1 {[%clk 0:26:49]} 40. Kb3
{[%clk 2:14:49]} Kb7 {[%clk 0:26:49]} 41. Kc4 {[%clk 2:14:49]} Ba5
{[%clk 0:26:49]} 42. Kb3 {[%clk 2:14:49]} Be1 {[%clk 0:26:49]} 43. Kc4
{[%clk 2:14:49]} Bh4 {[%clk 0:26:49]} 44. Kb3 {[%clk 2:14:49]} Bg3
{[%clk 0:26:49]} 45. Kc4 {[%clk 2:14:49]} Be1 {[%clk 0:26:49]} 1/2-1/2

[Event "V4 OPEN - International Championship of Slovakia 2
[Site "Banska Stiavnica"]
[Date "2013.07.14"]
[Round "9"]
[Board "24"]
[White "Toman, Ondrej"]
[Black "Kantorik, Marian"]
[Result "0-1"]
[WhiteElo "2061"]
[BlackElo "2331"]
[PlyCount "0"]
[EventDate "2013.07.06"]
[EventRounds "9"]
[EventCountry "SVK"]

1. e4 {[%clk 1:31:20]} Nf6 {[%clk 1:30:40]} 2. e5 Nd5 3. d4 {[%clk 1:31:42]} d6
{[%clk 1:31:33]} 4. c4 {[%clk 1:32:32]} Nb6 {[%clk 1:31:56]} 5. exd6 exd6
{[%clk 1:32:34]} 6. Nc3 {[%clk 1:32:19]} Be7 {[%clk 1:32:58]} 7. h3
{[%clk 1:32:12]} O-O {[%clk 1:33:18]} 8. Nf3 {[%clk 1:31:55]} Bf5
{[%clk 1:31:34]} 9. Be2 {[%clk 1:31:41]} Nc6 {[%clk 1:29:38]} 10. Bf4
{[%clk 1:30:36]} Bf6 {[%clk 1:29:22]} 11. O-O {[%clk 1:29:26]} Re8
{[%clk 1:28:05]} 12. b3 g5 13. Be3 {[%clk 1:25:51]} h6 {[%clk 1:27:18]} 14. Qd2
{[%clk 1:20:54]} Ne7 {[%clk 1:24:31]} 15. b4 {[%clk 1:16:34]} Bg6
{[%clk 1:24:27]} 16. Bd3 {[%clk 1:14:14]} d5 {[%clk 1:19:45]} 17. Bxg6
{[%clk 1:10:26]} Nxg6 {[%clk 1:19:56]} 18. c5 {[%clk 1:09:20]} Nc4
{[%clk 1:19:24]} 19. Qd3 {[%clk 1:04:37]} Qd7 {[%clk 1:15:37]} 20. Nd2 Nxd2
{[%clk 1:04:17]} 21. Bxd2 {[%clk 1:03:42]} c6 {[%clk 1:01:46]} 22. a4
{[%clk 0:57:14]} Nh4 {[%clk 0:58:53]} 23. Rae1 {[%clk 0:44:29]} Qf5 24. Re3 Re6
{[%clk 0:53:02]} 25. g4 {[%clk 0:38:37]} Qxd3 {[%clk 0:44:06]} 26. Rxd3
{[%clk 0:38:55]} Bxd4 {[%clk 0:44:09]} 27. Kh1 {[%clk 0:31:03]} Bxc3
{[%clk 0:38:20]} 28. Bxc3 {[%clk 0:30:20]} Rae8 {[%clk 0:37:56]} 29. b5
{[%clk 0:28:59]} Ng6 {[%clk 0:34:41]} 30. bxc6 {[%clk 0:26:49]} bxc6
{[%clk 0:32:45]} 31. Rb1 {[%clk 0:26:15]} Nf4 {[%clk 0:33:09]} 32. Rf3
{[%clk 0:26:19]} Re4 {[%clk 0:25:55]} 33. Rb7 {[%clk 0:20:00]} Rxa4 34. Re3 Ne6
{[%clk 0:16:28]} 35. Bb2 {[%clk 0:15:41]} d4 {[%clk 0:12:53]} 36. Rf3
{[%clk 0:14:46]} a5 {[%clk 0:04:39]} 37. Rfxf7 {[%clk 0:12:40]} Rb4
{[%clk 0:04:12]} 38. Rxb4 {[%clk 0:09:20]} axb4 {[%clk 0:02:02]} 39. Rd7
{[%clk 0:07:20]} b3 {[%clk 0:01:36]} 40. Kg1 {[%clk 0:06:10]} Ra8
{[%clk 0:00:53]} 41. Rb7 {[%clk 0:00:49]} Nxc5 {[%clk 0:24:38]} 42. Rb6 d3 0-1

[Event "V4 OPEN - International Championship of Slovakia 2
[Site "Banska Stiavnica"]
[Date "2013.07.14"]
[Round "9"]
[Board "25"]
[White "Harvan, Richard"]
[Black "Petran, Peter"]
[Result "1/2-1/2"]
[WhiteElo "2054"]
[BlackElo "2324"]
[PlyCount "0"]
[EventDate "2013.07.06"]
[EventRounds "9"]
[EventCountry "SVK"]

1. c4 {[%clk 1:21:11]} g6 {[%clk 1:30:25]} 2. g3 {[%clk 1:21:14]} Bg7
{[%clk 1:30:50]} 3. Bg2 {[%clk 1:21:40]} d6 {[%clk 1:31:12]} 4. Nc3
{[%clk 1:20:19]} f5 {[%clk 1:30:58]} 5. e3 {[%clk 1:13:04]} c6 {[%clk 1:31:14]}
6. Nge2 {[%clk 1:13:06]} Nh6 {[%clk 1:31:17]} 7. O-O {[%clk 1:13:06]} O-O
{[%clk 1:31:42]} 8. d4 {[%clk 1:11:18]} e5 {[%clk 1:31:38]} 9. f4
{[%clk 1:07:26]} Nf7 {[%clk 1:31:49]} 10. b4 {[%clk 1:04:28]} e4 {[%clk 1:31:03]}
11. Bb2 {[%clk 1:00:15]} Nd7 {[%clk 1:30:56]} 12. Qb3 {[%clk 0:49:34]} Nf6
{[%clk 1:30:35]} 13. d5 {[%clk 0:40:29]} c5 {[%clk 1:30:55]} 14. a3
{[%clk 0:40:43]} b6 {[%clk 1:31:14]} 15. h3 {[%clk 0:35:53]} a6 {[%clk 1:31:32]}
16. b5 {[%clk 0:26:06]} axb5 {[%clk 1:31:35]} 17. Nxb5 {[%clk 0:26:22]} Bd7
{[%clk 1:31:56]} 18. a4 {[%clk 0:25:14]} Nh5 {[%clk 1:31:46]} 19. Bxg7
{[%clk 0:23:24]} Kxg7 {[%clk 1:31:42]} 20. Qc3+ {[%clk 0:22:33]} Kg8
{[%clk 1:32:06]} 21. Kh2 {[%clk 0:22:13]} Ra5 {[%clk 1:32:27]} 22. Ra3
{[%clk 0:16:29]} Qe7 {[%clk 1:30:23]} 23. Rfa1 {[%clk 0:15:55]} Rb8
{[%clk 1:30:11]} 24. Nc1 {[%clk 0:15:43]} Qf6 {[%clk 1:29:44]} 25. Qxf6
{[%clk 0:15:40]} Nxf6 {[%clk 1:30:11]} 26. Bf1 {[%clk 0:15:43]} Ne8
{[%clk 1:25:23]} 27. Nb3 {[%clk 0:14:52]} Ra6 {[%clk 1:22:36]} 28. a5
{[%clk 0:07:26]} bxa5 {[%clk 1:13:28]} 29. Rxa5 {[%clk 0:07:31]} Rxa5
{[%clk 1:12:54]} 30. Rxa5 {[%clk 0:07:10]} Bxb5 {[%clk 1:08:12]} 31. Rxb5
{[%clk 0:06:31]} Ra8 {[%clk 1:08:28]} 32. Ra5 {[%clk 0:06:32]} Nc7
{[%clk 1:04:31]} 33. Rxa8+ {[%clk 0:06:49]} Nxa8 {[%clk 1:04:51]} 34. Na5
{[%clk 0:06:29]} h5 {[%clk 1:02:51]} 35. Nb7 {[%clk 0:06:41]} Kf8
{[%clk 1:02:33]} 36. Be2 {[%clk 0:04:32]} Ke7 {[%clk 1:02:55]} 37. g4
{[%clk 0:01:33]} hxg4 {[%clk 0:52:30]} 38. hxg4 {[%clk 0:02:02]} fxg4
{[%clk 0:52:53]} 39. Bxg4 {[%clk 0:02:00]} Nh6 {[%clk 0:52:53]} 40. Kg3
{[%clk 0:02:19]} Nb6 {[%clk 0:53:04]} 41. Na5 {[%clk 0:30:10]} Nxg4
{[%clk 1:22:21]} 42. Kxg4 {[%clk 0:30:33]} Kf6 {[%clk 1:22:47]} 43. Kg3
{[%clk 0:29:25]} Na4 {[%clk 1:19:02]} 44. Nb7 {[%clk 0:23:22]} Ke7
{[%clk 1:19:05]} 45. f5 {[%clk 0:20:14]} gxf5 {[%clk 1:19:19]} 46. Kf4
{[%clk 0:20:41]} Nb2 {[%clk 1:17:39]} 47. Kxf5 {[%clk 0:21:04]} Nxc4
{[%clk 1:17:59]} 1/2-1/2

[Event "V4 OPEN - International Championship of Slovakia 2
[Site "Banska Stiavnica"]
[Date "2013.07.14"]
[Round "9"]
[Board "26"]
[White "Holeczy, Martin"]
[Black "Gunajew, Rafal"]
[Result "0-1"]
[WhiteElo "2015"]
[BlackElo "2294"]
[PlyCount "0"]
[EventDate "2013.07.06"]
[EventRounds "9"]
[EventCountry "SVK"]

1. d4 {[%clk 1:26:35]} Nf6 {[%clk 1:30:49]} 2. c4 {[%clk 1:26:37]} c5
{[%clk 1:31:12]} 3. d5 {[%clk 1:26:48]} b5 {[%clk 1:31:35]} 4. Nf3
{[%clk 1:26:54]} bxc4 {[%clk 1:31:46]} 5. Nc3 {[%clk 1:26:50]} g6
{[%clk 1:31:38]} 6. e4 {[%clk 1:26:36]} d6 {[%clk 1:31:45]} 7. h3
{[%clk 1:26:41]} Bg7 {[%clk 1:31:38]} 8. Bxc4 {[%clk 1:25:54]} O-O
{[%clk 1:31:59]} 9. O-O {[%clk 1:16:17]} Qb6 {[%clk 1:29:43]} 10. Qc2
{[%clk 1:12:16]} Nbd7 {[%clk 1:28:52]} 11. Rb1 {[%clk 0:54:26]} Ba6
{[%clk 1:23:46]} 12. Na4 {[%clk 0:52:24]} Qb7 {[%clk 1:22:49]} 13. Nd2
{[%clk 0:42:43]} Ne5 {[%clk 1:18:24]} 14. b3 {[%clk 0:42:14]} Bxc4
{[%clk 1:16:06]} 15. Nxc4 {[%clk 0:42:32]} Nxc4 {[%clk 1:14:18]} 16. bxc4
{[%clk 0:39:28]} Qa6 {[%clk 1:14:24]} 17. e5 {[%clk 0:32:05]} Nd7
{[%clk 1:14:04]} 18. exd6 {[%clk 0:32:09]} exd6 {[%clk 1:11:23]} 19. Bf4
{[%clk 0:22:19]} Rfe8 {[%clk 1:07:25]} 20. Rb5 {[%clk 0:17:20]} Bd4
{[%clk 1:05:54]} 21. Nc3 {[%clk 0:15:17]} Nf6 {[%clk 1:02:10]} 22. Ne2
{[%clk 0:09:48]} Nxd5 {[%clk 1:01:07]} 23. Nxd4 {[%clk 0:09:49]} Nxf4 24. Nf3 Qc6
{[%clk 0:58:55]} 25. Rb3 {[%clk 0:09:12]} Re4 {[%clk 0:56:41]} 26. Rfb1
{[%clk 0:05:49]} Rae8 {[%clk 0:52:19]} 27. Rb8 {[%clk 0:04:49]} Ne2+
{[%clk 0:50:19]} 28. Kh1 {[%clk 0:03:52]} Nd4 {[%clk 0:50:03]} 29. Nxd4
{[%clk 0:03:21]} Rxd4 {[%clk 0:50:23]} 30. f3 {[%clk 0:02:09]} Kg7
{[%clk 0:49:06]} 31. R8b7 {[%clk 0:02:04]} Re1+ {[%clk 0:48:46]} 32. Rxe1
{[%clk 0:02:12]} Qxb7 {[%clk 0:49:07]} 33. Rb1 {[%clk 0:01:38]} Qe7
{[%clk 0:48:58]} 34. Qc3 {[%clk 0:00:55]} Qe5 {[%clk 0:48:53]} 35. Re1
{[%clk 0:00:58]} Qf6 {[%clk 0:47:45]} 36. Kg1 {[%clk 0:00:57]} h5
{[%clk 0:47:51]} 37. Kf1 {[%clk 0:01:01]} h4 {[%clk 0:47:38]} 38. a3
{[%clk 0:00:42]} Rf4 {[%clk 0:47:18]} 39. Qc2 {[%clk 0:00:36]} Rd4
{[%clk 0:42:54]} 40. Rc1 {[%clk 0:00:37]} Qf4 {[%clk 0:42:31]} 41. Qc3
{[%clk 0:26:00]} Qd2 {[%clk 1:12:45]} 42. Qxd2 {[%clk 0:23:20]} Rxd2 43. Rc3
{[%clk 0:18:36]} Kf6 {[%clk 1:13:06]} 44. Re3 {[%clk 0:16:11]} Rd4
{[%clk 1:07:25]} 45. Rc3 {[%clk 0:16:26]} Kf5 {[%clk 1:07:26]} 46. Ke2
{[%clk 0:15:48]} Kf4 {[%clk 1:07:36]} 47. Rc2 {[%clk 0:15:02]} a5
{[%clk 1:07:42]} 48. Kf2 {[%clk 0:09:24]} g5 {[%clk 1:06:51]} 49. Ke2
{[%clk 0:09:25]} a4 {[%clk 1:06:41]} 50. Kf2 {[%clk 0:05:54]} f5 {[%clk 1:06:57]}
51. Ke2 {[%clk 0:06:17]} Kg3 {[%clk 1:07:16]} 52. Ke1 {[%clk 0:06:01]} Rd3
{[%clk 1:06:57]} 53. Ra2 {[%clk 0:06:17]} Rc3 {[%clk 1:07:27]} 54. Rd2
{[%clk 0:05:33]} Rxa3 {[%clk 1:06:18]} 55. Rxd6 {[%clk 0:05:45]} Kxg2
{[%clk 1:06:38]} 56. Rg6 {[%clk 0:04:34]} Rxf3 {[%clk 1:06:31]} 57. Rxg5+
{[%clk 0:04:56]} Kxh3 {[%clk 1:06:52]} 58. Ke2 {[%clk 0:05:02]} Rf4
{[%clk 1:06:52]} 59. Ke3 {[%clk 0:05:14]} Rxc4 {[%clk 1:07:03]} 60. Rxf5
{[%clk 0:05:32]} a3 {[%clk 1:07:17]} 61. Kd3 {[%clk 0:04:54]} Ra4
{[%clk 1:07:31]} 0-1

[Event "V4 OPEN - International Championship of Slovakia 2
[Site "Banska Stiavnica"]
[Date "2013.07.14"]
[Round "9"]
[Board "27"]
[White "Ruckschloss, Karol"]
[Black "Edes, Zsofia"]
[Result "1-0"]
[WhiteElo "2283"]
[BlackElo "2059"]
[PlyCount "0"]
[EventDate "2013.07.06"]
[EventRounds "9"]
[EventCountry "SVK"]

1. c4 {[%clk 1:30:59]} e5 {[%clk 1:20:19]} 2. Nc3 {[%clk 1:29:41]} Bb4
{[%clk 1:20:34]} 3. Qb3 {[%clk 1:29:49]} Nc6 {[%clk 1:09:40]} 4. Nd5
{[%clk 1:29:45]} Be7 {[%clk 1:09:59]} 5. g3 {[%clk 1:29:41]} d6 {[%clk 1:07:13]}
6. Bg2 {[%clk 1:29:27]} f5 {[%clk 1:00:09]} 7. e3 {[%clk 1:21:32]} Nf6
{[%clk 0:55:42]} 8. Ne2 {[%clk 1:20:07]} O-O {[%clk 0:40:32]} 9. d3
{[%clk 1:16:21]} Kh8 {[%clk 0:31:57]} 10. Bd2 {[%clk 1:16:11]} Nd7
{[%clk 0:25:37]} 11. Qc2 {[%clk 1:10:13]} a5 {[%clk 0:21:14]} 12. a3
{[%clk 1:03:34]} Nc5 {[%clk 0:18:25]} 13. Nec3 {[%clk 1:02:42]} Qe8
{[%clk 0:16:17]} 14. Nxc7 {[%clk 1:02:53]} Qd8 {[%clk 0:12:03]} 15. Nxa8
{[%clk 1:03:14]} Bd7 {[%clk 0:12:09]} 16. O-O {[%clk 0:59:05]} Qxa8
{[%clk 0:12:20]} 17. b4 {[%clk 0:59:10]} Ne6 {[%clk 0:10:52]} 18. Nd5
{[%clk 0:58:59]} Bd8 {[%clk 0:10:10]} 19. f4 {[%clk 0:57:09]} exf4
{[%clk 0:07:54]} 20. gxf4 {[%clk 0:57:26]} a4 {[%clk 0:06:41]} 21. Bc3
{[%clk 0:57:21]} Qa7 {[%clk 0:06:12]} 22. Qb2 {[%clk 0:56:29]} Ne7
{[%clk 0:04:34]} 23. Rf3 {[%clk 0:55:23]} Ng6 {[%clk 0:04:49]} 24. Kh1
{[%clk 0:54:29]} Bc6 {[%clk 0:03:40]} 25. Rg3 {[%clk 0:53:41]} Rf7
{[%clk 0:02:45]} 26. Rg1 {[%clk 0:53:03]} Bh4 {[%clk 0:03:00]} 27. Rh3
{[%clk 0:53:18]} Nef8 {[%clk 0:00:44]} 28. Bf3 {[%clk 0:53:03]} b5
{[%clk 0:00:51]} 29. Bh5 {[%clk 0:51:19]} Qb7 {[%clk 0:00:45]} 30. Qg2
{[%clk 0:46:21]} Bd8 31. Bxg6 {[%clk 0:46:18]} 1-0

[Event "V4 OPEN - International Championship of Slovakia 2
[Site "Banska Stiavnica"]
[Date "2013.07.14"]
[Round "9"]
[Board "28"]
[White "Borosova, Zuzana"]
[Black "Tropp, Oliver"]
[Result "1-0"]
[WhiteElo "2265"]
[BlackElo "2059"]
[PlyCount "0"]
[EventDate "2013.07.06"]
[EventRounds "9"]
[EventCountry "SVK"]

1. e4 {[%clk 1:23:59]} e6 {[%clk 1:30:55]} 2. d4 {[%clk 1:24:01]} d5
{[%clk 1:31:15]} 3. Nc3 {[%clk 1:24:26]} dxe4 {[%clk 1:30:37]} 4. Nxe4
{[%clk 1:24:50]} Bd7 {[%clk 1:30:59]} 5. Nf3 {[%clk 1:24:27]} Bc6
{[%clk 1:31:20]} 6. Ned2 {[%clk 1:24:16]} Nd7 {[%clk 1:30:56]} 7. Bd3
{[%clk 1:24:29]} Ngf6 {[%clk 1:30:45]} 8. O-O {[%clk 1:24:42]} Be7
{[%clk 1:31:03]} 9. Re1 {[%clk 1:25:02]} O-O {[%clk 1:31:02]} 10. c3
{[%clk 1:25:14]} b6 {[%clk 1:30:28]} 11. Qe2 {[%clk 1:21:44]} Bb7
{[%clk 1:25:58]} 12. Ne5 {[%clk 1:05:53]} c5 {[%clk 1:17:25]} 13. Bc4
{[%clk 1:03:37]} Nxe5 {[%clk 0:57:04]} 14. dxe5 {[%clk 1:03:22]} Ne8
{[%clk 0:48:28]} 15. Nf3 {[%clk 1:00:32]} a6 {[%clk 0:45:08]} 16. a4
{[%clk 1:00:52]} Qc7 {[%clk 0:43:30]} 17. Ng5 {[%clk 0:55:13]} g6
{[%clk 0:34:46]} 18. Bf4 {[%clk 0:47:31]} Qc6 {[%clk 0:24:29]} 19. Qg4
{[%clk 0:35:56]} h5 {[%clk 0:14:27]} 20. Qg3 {[%clk 0:29:22]} Ng7
{[%clk 0:13:11]} 21. Bd3 {[%clk 0:28:17]} Nf5 {[%clk 0:12:00]} 22. Bxf5
{[%clk 0:17:38]} exf5 {[%clk 0:11:56]} 23. Nf3 {[%clk 0:15:20]} Qe6
{[%clk 0:11:19]} 24. Bh6 {[%clk 0:13:55]} Rfe8 {[%clk 0:11:12]} 25. Ng5
{[%clk 0:13:17]} Qc6 {[%clk 0:11:41]} 26. f3 {[%clk 0:03:03]} Bc8
{[%clk 0:10:19]} 27. Nh3 {[%clk 0:01:57]} Be6 {[%clk 0:09:42]} 28. Be3
{[%clk 0:01:33]} Rad8 {[%clk 0:08:59]} 29. Kh1 {[%clk 0:01:37]} Qc7
{[%clk 0:08:57]} 30. Qf4 {[%clk 0:01:25]} Rd5 {[%clk 0:08:42]} 31. Bc1
{[%clk 0:00:37]} Qd8 {[%clk 0:09:11]} 32. Be3 {[%clk 0:00:39]} Qc7
{[%clk 0:08:53]} 33. Bc1 {[%clk 0:00:42]} Red8 {[%clk 0:09:22]} 34. Nf2
{[%clk 0:00:42]} Bf6 {[%clk 0:09:19]} 35. exf6 {[%clk 0:00:55]} 1-0